Report of the Lucknow University Enquiry Commission, 1970 (Record no. 489459)

000 -LEADER
fixed length control field 00405cam a22001337a 4500
008 - FIXED-LENGTH DATA ELEMENTS--GENERAL INFORMATION
fixed length control field 180718b1971 xxu||||| |||| 00| 0 eng d
082 ## - DEWEY DECIMAL CLASSIFICATION NUMBER
Classification number P5x54 L964
100 ## - MAIN ENTRY--PERSONAL NAME
Personal name Lucknow. University Enquiry Commission
245 ## - TITLE STATEMENT
Title Report of the Lucknow University Enquiry Commission, 1970
260 ## - PUBLICATION, DISTRIBUTION, ETC.
Place of publication, distribution, etc. Lucknow
Name of publisher, distributor, etc. The author
Date of publication, distribution, etc. 1971
300 ## - PHYSICAL DESCRIPTION
Extent 535+p.
500 ## - GENERAL NOTE
General note Chairman: S.D. Singh
700 ## - ADDED ENTRY--PERSONAL NAME
Personal name Singh, S.D., Chairman
Holdings
Withdrawn status Lost status Damaged status Not for loan Permanent Location Current Location Date acquired Full call number Barcode Date last seen Price effective from Koha item type
        Indian Institute of Public Administration Indian Institute of Public Administration 2018-08-04 P5x54 L964 GG15053 2018-08-04 2018-08-04 GG

Powered by Koha